| 000 | 00394nam a22001577a 4500 | ||
|---|---|---|---|
| 003 | OSt | ||
| 005 | 20140507103458.0 | ||
| 008 | 140507s2013 sj ||||| |||| 00| 0 eng d | ||
| 040 |
_bcat _cCPC Lleida |
||
| 100 |
_94562 _aGonzález Farran, Albert |
||
| 245 | 1 | 0 | _aDarfur in transition |
| 260 |
_aKhartoum _bUNAMID _c2013 |
||
| 300 |
_a96 p. _c24 cm |
||
| 700 |
_94563 _aKroeker, Kirk L. |
||
| 942 | _cMON | ||
| 999 |
_c6734 _d6734 |
||